000
00241nam a2200097Ia 4500
001
691770
005
20250826161842.0
008
250824s9999 xx 000 0 und d
245
0
_a
HAC YOLUNDA
_c
MUSTAFA NECATİ AK
260
_b
TİMAŞ YAYINLARI
999
_c
691770
_d
691770